Freiheit

Tallennettuna:
Bibliografiset tiedot
Päätekijä: Moser, Ernst (verfasser)
Aineistotyyppi: Kirja
Kieli:saksa
Julkaistu: Bayreuth Aristarch 1968
Aiheet:
Tagit: Lisää tagi
Ei tageja, Lisää ensimmäinen tagi!

MARC

LEADER 00000nam a2200000 a 4500
001 UCZ4628
003 CL-VaPUC
008 951110e19680000GW |||||||||||||||||ger|d
082 0 4 |a 123.5  |b MOS  |2 21 
100 |a Moser, Ernst  |e verfasser  |9 349735 
245 1 0 |a Freiheit 
300 |a 308 p 
942 |c BK 
945 |d 19951110 00:00:00  |a cmena 
260 |a Bayreuth  |b Aristarch  |c 1968 
650 0 |a Libre albedrío  |9 334583 
650 0 |a Determinismo  |9 322357 
650 0 |a Comportamiento   |9 308406 
650 0 |a Filosofía de la acción   |9 311007 
650 0 |a Responsabilidad moral  |9 311092 
583 |a last modification  |c 20130320 11:56:38  |k Rodrigo Vera 
999 |c 240997  |d 240995 
952 |0 0  |1 0  |4 0  |6 123_500000000000000_MOS_1968  |7 0  |8 P  |9 253134  |a BIBEDU  |b BIBEDU  |c BIBEDU_PB  |d 2019-11-19  |i 1596624  |o 123.5 MOS 1968  |p 1596624  |r 2024-01-25  |w 2019-11-19  |y BK  |k FIL